000 00694nam a22002177a 4500
003 UA-OsUOA
001 64135
007 ta
008 20091102b un ||||| |||| 00| 0 ukr d
090 _a013
_bБ 59
942 _cBK
040 _aUA-OsUOA
_bukr
_cUA-OsUOA
_dUA-OsUOA
245 _aБібліографія праць вчених Дніпропетровського університету
_bІсторія України XV-XVIIIст. 1918-1990
300 _a75 с.
955 _a2
041 _aukr
080 _a013
260 _aДніпропетровськ
_c1992
650 7 _a01 Бібліографія і бібліографії. Каталоги
_2UDC
999 _c350089
_d350089